000 00815nam a2200277Ia 4500
003 OSt
005 20221005083224.0
006 a|||||r|||| 00| 0
007 ta
008 221004b |||||||| |||| 00| 0 eng d
024 _a83861
037 _cTextual
040 _aCRL
_cCRL
_beng
041 _2eng
_aeng
082 _aT4:8.2.N82t, M2
110 _aNew Delhi, University Grants Commission
245 0 _aCommittee to enquire into the working of the Central Universities
_b Report
260 _aNew Delhi
_bUniversity Grants Commission India
_c1982
300 _a171p.
_ccm.
650 _a EDUCATION
650 _a MANAGEMENT
650 _aHIGHER EDUCATION
700 _aNew Delhi, University Grants Commission
942 _hT4:8.2.N82t, M2
_cTEXL
_2cc
999 _c990508
_d990508